UFC: World MMA Awards Male Fighter of the Year - Statistics

General Stats
  • This quiz has been taken 570 times
  • The average score is 10 of 15
Answer Stats
Year Fighter % Correct
2012 Jon Jones
96%
2011 Jon Jones
96%
2016 Conor McGregor
93%
2015 Conor McGregor
93%
2019-20 Israel Adesanya
72%
2021-22 Alexander Volkanovski
70%
2008 Anderson Silva
70%
2018 Daniel Cormier
69%
2020-21 Kamaru Usman
65%
2010 José Aldo
63%
2017 Max Holloway
54%
2022-23 Leon Edwards
49%
2009 Georges St-Pierre
48%
2014 Robbie Lawler
22%
2013 Chris Weidman
20%
No matching quizzes found
Score Distribution
Percent of People with Each Score
Percentile by Number Answered
Your Score History
You have not taken this quiz